000 02493cam a2200373 a 4500
005 20260322212039.0
008 data
010 _a 2006938575
020 _a9781595620156
020 _a159562015X
040 _aIG#
_beng
_cIG#
_dDLC
_dYDXCP
_dGK8
_dBTCTA
_dHNW
_dHKP
_dVP@
_dUPZ
_dP@N
_dXFG
_dSMP
_dCQU
_dDEBBG
_dDNF
_dLMR
_dFDA
_dSSPSL
_dBDX
_dTULIB
_dALAUL
_dLMR
_dOCLCF
_dBEDGE
_dDLC
042 _alccopycat
050 0 0 _aHD38.2
_b.R37 2007
082 0 4 _a658.4/09
_222
084 _aCR 7000
_2rvk
084 _aWIR 705f
_2stub
092 _a658.4 Rat 2007
092 _a658.4 Rat 2007
100 1 _aRath, Tom,
_d1975-
245 1 0 _aStrengths finder 2.0 /
_cTom Rath.
260 _aNew York :
_bGallup Press,
_cc2007.
300 _avii, 175 p. ;
_c19 cm.
500 _aPacket inserted on p. [3] of cover contains card with access code to the StrengthsFinder 2.0 assessment, program, and website.
504 _aIncludes bibliographical references.
505 0 _aFinding your strengths : an introduction -- Applying your strengths : the 34 themes and ideas for action. Achiever ; Activator ; Adaptability ; Analytical ; Arranger ; Belief ; Command ; Communication ; Competition ; Connectedness ; Consistency ; Context ; Deliberative ; Developer ; Discipline ; Empathy ; Focus ; Futuristic ; Harmony ; Ideation ; Includer ; Individualization ; Input ; Intellection ; Learner ; Maximizer ; Positivity ; Relator ; Responsibility ; Restorative ; Self-assurance ; Significance ; Strategic ; Woo -- VFAQ (very frequently asked question) -- Learn more.
520 _aTo help people uncover their talents, Gallup introduced the first version of its online assessment, StrengthsFinder, in the 2001 management book Now, Discover Your Strengths. The book has spent more than five years on bestseller lists and ignited a global conversation, while StrengthsFinder has helped millions discover their top five talents. In StrengthsFinder 2.0, Gallup unveils the new and improved version of its popular assessment and much more. Loaded with hundreds of strategies for applying your strengths, this new book and accompanying website will change the way you look at yourself-- and the world around you--forever.
650 0 _aExecutive ability.
650 0 _aAbility.
650 0 _aPerformance.
650 0 _aSuccess in business.
650 0 _aConduct of life.
856 4 2 _3Publisher description
_uhttp://www.loc.gov/catdir/enhancements/fy1412/2006938575-d.html
001 data
999 _c930
_d930